000 00312nam a2200121 a 4500
008 101213s1966|||| d
100 1 _aChovancová, Šarlota
245 1 0 _aVýpožičná služba
260 _bSlovenská technická knižnica
_aBratislava
_c1966
020 _c10
041 _aslo
044 _axo
_cSK
999 _c15166
_d15166